ბათუმის შოთა რუსთაველის სახელმწიფო უნივერსიტეტის ბიბლიოთეკა

Point set topology / (ბიბ.ჩანაწერი № 50480)

000 -LEADER
fixed length control field 01393cam a2200361 a 4500
001 - CONTROL NUMBER
control field 15618628
005 - DATE AND TIME OF LATEST TRANSACTION
control field 20200207144106.0
008 - FIXED-LENGTH DATA ELEMENTS--GENERAL INFORMATION
fixed length control field 090210r20091964nyua b 001 0 eng
010 ## - LIBRARY OF CONGRESS CONTROL NUMBER
LC control number 2009005728
020 ## - INTERNATIONAL STANDARD BOOK NUMBER
International Standard Book Number 9780486472225
020 ## - INTERNATIONAL STANDARD BOOK NUMBER
International Standard Book Number 0486472221
035 ## - SYSTEM CONTROL NUMBER
System control number (OCoLC)ocn294885211
040 ## - CATALOGING SOURCE
Original cataloging agency DLC
Transcribing agency DLC
Modifying agency YDX
-- BTCTA
-- YDXCP
-- DLC
041 ## - LANGUAGE CODE
Language code of text/sound track or separate title eng
050 00 - LIBRARY OF CONGRESS CALL NUMBER
Classification number QA611
Item number .G33 2009
080 ## - UNIVERSAL DECIMAL CLASSIFICATION NUMBER
Universal Decimal Classification number 515.1 G-11
082 00 - DEWEY DECIMAL CLASSIFICATION NUMBER
Classification number 514
Edition number 22
100 1# - MAIN ENTRY--PERSONAL NAME
Personal name Gaal, Steven A.
9 (RLIN) 6893
245 10 - TITLE STATEMENT
Title Point set topology /
Statement of responsibility, etc. Steven A. Gaal.
250 ## - EDITION STATEMENT
Edition statement Dover ed.
260 ## - PUBLICATION, DISTRIBUTION, ETC.
Place of publication, distribution, etc. Mineola, N.Y. :
Name of publisher, distributor, etc. Dover Publications,
Date of publication, distribution, etc. 2009.
300 ## - PHYSICAL DESCRIPTION
Extent xi, 317 p. :
Other physical details ill. ;
Dimensions 22 cm.
490 1# - SERIES STATEMENT
Series statement Dover books on mathematics
500 ## - GENERAL NOTE
General note Originally published: New York : Academic Press, 1964; in series: Pure and applied mathematics ; 16.
504 ## - BIBLIOGRAPHY, ETC. NOTE
Bibliography, etc. note Includes bibliographical references and indexes.
650 #0 - SUBJECT ADDED ENTRY--TOPICAL TERM
Topical term or geographic name entry element Topology.
9 (RLIN) 6894
653 ## - INDEX TERM--UNCONTROLLED
keyword ტოპოლოგია
830 #0 - SERIES ADDED ENTRY--UNIFORM TITLE
Uniform title Dover books on mathematics.
9 (RLIN) 6895
856 42 - ELECTRONIC LOCATION AND ACCESS
Materials specified Publisher description
Uniform Resource Identifier http://www.loc.gov/catdir/enhancements/fy0906/2009005728-d.html
906 ## - LOCAL DATA ELEMENT F, LDF (RLIN)
a 7
b cbc
c orignew
d 1
e ecip
f 20
g y-gencatlg
942 ## - ADDED ENTRY ELEMENTS (KOHA)
Source of classification or shelving scheme
Koha item type წიგნი
ეგზემპლარები
Withdrawn status Lost status Source of classification or shelving scheme Damaged status Not for loan Permanent Location Current Location Shelving location Date acquired Cost, normal purchase price Full call number Barcode Date last seen Copy number Price effective from Koha item type Public note
          ბათუმის შოთა რუსთაველის სახელმწიფო უნივერსიტეტის მთავარი ბიბლიოთეკა ბათუმის შოთა რუსთაველის სახელმწიფო უნივერსიტეტის მთავარი ბიბლიოთეკა წიგნსაცავი 2018-12-17 50.00 515.1 G-11 638 2018-12-17 638 2018-12-17 წიგნი 50 ლ.
          ბათუმის შოთა რუსთაველის სახელმწიფო უნივერსიტეტის მთავარი ბიბლიოთეკა ბათუმის შოთა რუსთაველის სახელმწიფო უნივერსიტეტის მთავარი ბიბლიოთეკა წიგნსაცავი 2018-12-17 50.00 515.1 G-11 637 2018-12-17 637 2018-12-17 წიგნი 50 ლ.